00653nam a22002057a 450000500170000001000130001702000220003003500130005203700160006504000120008108200170009310000230011024500970013326000380023027000500026830000250031850000510034365000220039465000310041620170124105948.0 aA-945827 c250.00a818593004 aA-945827 bCen Lib/Ret aDPLbEN a336.294bAGA aAggarwal, Pawan K. aWho pays the tax? :cby Pawan K. Aggarwalba study of incidence of indirect taxes in India / aDelhibGayatri Publicationsc1998 bDelhiaP.O. Box No. 8495, Ashok Vihare110052 aviii,131p.c22cm(Hb) aIncludes bibliographical references and index  aTaxation -- India aIndirect taxation -- India